LEADER 01367nam a2200301 a 4500 001 000000121287 003 CaOOAMICUS 005 20100419175900.0 008 100419s1960 be u000 u lat r 040 $aPUL(R)$bita$delep 100 1 $aMarius Victor, Claudius,$df. 426.$0(OLS)http://pul/name/64016 240 10$aAlethia.$lLatino.$0(OLS)http://pul/title/152579 245 10$aClaudii Marii Victorii Alethia /$ccura et studio P.F. Hovingh. 260 $aTurnholti :$bBrepols,$c1960. 300 $a[115]-299 p. ;$c26 cm 490 1 $aCorpus Christianorum.$aSeries Latina ;$v128 500 $aContiene indici. 504 $aInclude riferimenti bibliografici. 700 1 $aHovingh, Pieter Frans,$d1927-$0(OLS)http://pul/name/11501 777 0 $aCommodianus, sec. V.$tCommodiani Carmina.$dTurnholti : Brepols, 1960.$kCorpus Christianorum. Series Latina$w()12012 830 0$aCorpus Christianorum.$pSeries Latina ;$v128.$0(OLS)http://pul/title/474 850 $aPUL 852 $aPUL$W1$xSL Cons. Gen., Altre Classi 1$y1$m2008 A 1.128 int.1$j139073$qStampati$B138308$CPULBib$Z2$F138308 $82 900 $aMario Claudio Vittorio,$df. 426$964016 900 $aVictor Massiliensis,$df. 426$964016 941 1 $a8 996 $6245$aClaudii Marii Victorii Alethia$9(OLS)http://pul/title/152578 996 $6260$aTurnholti :$bBrepols$9(OLS)http://pul/publisher/47842 LEADER 01119nam a2200289 a 4500 001 000000141167 003 CaOOAMICUS 005 20150114140417.0 008 150114s1967 it u000 u ita r 040 $aPUL$bita 100 1 $aManselli, Raoul,$d1917-1984.$0(OLS)http://pul/name/150 245 10$aGregorio Magno /$cRaoul Manselli. 260 $aTorino :$bGiappichelli,$c1967. 300 $a166 p. ;$c26 cm 490 1 $aCorsi universitari 504 $aBibliografia in nota. 600 04$aGregorius PP.$bI,$cMagnus, s.,$dc. 540-604.$0(OLS)http://pul/subject/1715 830 0$aCorsi universitari.$0(OLS)http://pul/title/3405 850 $aPUL 852 $aPUL$W1$xDP1 Fondo Capitani$y116$m3 B 99$j162957$qFondi$B162740$CPULBib$Z2$F162740 $HCap814 $82 941 1 $a1 960 $aGregorio Magno,$cpapa, s.,$dc.540-604$91715 960 $aGregorio$bI,$cpapa,$dc. 540-604$91715 960 $aPapi (590-604 : Gregorius PP. I)$91715 996 $6245$aGregorio Magno$9(OLS)http://pul/title/178637 996 $6260$aTorino :$bGiappichelli$9(OLS)http://pul/publisher/48244